Meilleurs sons de Bosh - Statistiques

Statistiques générales
  • Ce quiz a été pris 86 fois
  • Le résultat moyen est 5 sur 10
Statistiques - réponses
Rang Titres Streams % Correct
1 Djomb - Bien ou quoi 106,6M
99%
9 Djomb - Remix (ft. Fabri Fibra, J-AX) 11,4M
99%
2 Slide 41,0M
66%
3 Solitaire 39,8M
53%
6 Coeur Noir 15,0M
37%
5 Trixma 17,0M
34%
4 OLA OLA OLA (ft. No Limit, Heuss L'enfoiré) 30,4M
30%
8 Défilé 11,8M
21%
7 Business (ft. SCH) 14,3M
17%
10 Anomalie 9,3M
9%
Aucun quiz correspondant
Distribution des résultats
% des personnes avec chaque résultat
Percentile par nombre de réponses
Votre historique - résultats
Vous n’avez pas pris ce quiz